| 000 | 01038nam a2200265 i 4500 | ||
|---|---|---|---|
| 003 | CO-BoRNBP | ||
| 005 | 20241017084054.0 | ||
| 007 | ta | ||
| 008 | 241017s2013 ck o|||| |||| 00| 0 spa d | ||
| 020 | _a9789585800434 | ||
| 040 |
_aCO-BoRNBP _bspa _cCO-BoRNBP _erda |
||
| 084 | _aGRUr | ||
| 245 |
_aRelatos que construyen historia/ _cGrupo Gestión; investigación y redacción de textos: Jhon Moreno; asesor cultural, Edgar Castro Tejeiro; Fotografía, Alfombra Roja. Alejandro Correa Velasco |
||
| 250 | _aPrimera edición | ||
| 264 | 4 |
_aVillavicencio, Meta _bGrupo Gestión. Ecopetrol _c2013 |
|
| 300 |
_a217 páginas _bimagenes en blanco y negro _c28 cm |
||
| 336 |
_2rdacontent _atexto _btxt |
||
| 337 |
_2rdamedia _asin mediación _bn |
||
| 338 |
_2rdacarrier _avolumen _bnc |
||
| 650 | _2LEMB | ||
| 700 |
_aLuis Enrique Vargas Cuellar _eDirector de Proyectos _qGrupo Gestión _943151 |
||
| 700 |
_aalejandro Correa Velasco _eFotografía _943152 |
||
| 700 |
_aPilar Ruiz Hernández _eDiseño de Impresión _943153 |
||
| 942 |
_2ddc _cBK |
||
| 999 |
_c38470 _d38470 |
||